Largest Cities in Calabria - Statistics

General Stats
  • This quiz has been taken 117 times
  • The average score is 5 of 10
Answer Stats
Population City % Correct
85,544 Catanzaro
89%
63,713 Cosenza
89%
58,478 Crotone
83%
31,407 Vibo Valentia
65%
171,800 Reggio di Calabria
62%
67,110 Lamezia Terme
53%
73,920 Corigliano-Rossano
29%
20,814 Castrovillari
26%
36,051 Rende
23%
20,045 Montalto Uffugo
8%
No matching quizzes found
Score Distribution
Percent of People with Each Score
Percentile by Number Answered
Your Score History
You have not taken this quiz